Jaki to powiat/miasto? #1 - Statystyki

Ogólne statystyki
  • Ten quiz został rozwiązany 142 razy
  • Średni wynik to 13 z 25
Statystyki odpowiedzi
Województwo Tablica rejestracyjna Powiat/Miasto % Poprawnych
Kujawsko-Pomorskie CT Toruń
90%
Warmińsko-Mazurskie NE Elbląg
81%
Podlaskie BS Suwałki
77%
Lubelskie LZ Zamość
75%
Zachodniopomorskie ZK Koszalin
69%
Łódzkie EP Piotrków Trybunalski
68%
Łódzkie EBE Bełchatowski
61%
Śląskie SGL Gliwicki
61%
Świętokrzyskie TSA Sandomierski
60%
Pomorskie GS Słupsk
60%
Mazowieckie WOT Otwocki
59%
Małopolskie KLI Limanowski
54%
Śląskie SCI Cieszyński
52%
Małopolskie KMY Myślenicki
52%
Pomorskie GCH Chojnicki
50%
Wielkopolskie PN Konin
49%
Warmińsko-Mazurskie NBR Braniewski
46%
Lubelskie LJA Janowski
46%
Mazowieckie WSC Sochaczewski
43%
Opolskie OGL Głubczycki
38%
Lubuskie FZA Żarski
37%
Wielkopolskie PKE Kępiński
35%
Wielkopolskie PKL Kolski
33%
Wielkopolskie PSE Śremski
28%
Mazowieckie WU Warszawa Ochota
15%
Nie znaleziono quizów pasujących do podanych kryteriów
Rozkład punktacji
Procent ludzi z każdym wynikiem
Percentyl według liczby udzielonych odpowiedzi
Twoja historia wyników
Nie rozwiązałeś tego quizu